[Event "37th Reykjavik op"]
[Site "Reykjavik ISL"]
[Date "2024.03.20"]
[Round "8.99"]
[White "Phan, Stefanus Kf"]
[Black "Hauksdottir, Hrund"]
[WhiteElo "2019"]
[BlackElo "1859"]
[Result "1-0"]
[EventDate "2024.03.15"]
[PlyCount "47"]

1. c4 Nf6 2. g3 e6 3. Bg2 d5 4. Nf3 Be7 5. O-O O-O 6. b3 c5 7. cxd5 exd5 8. d4
Nc6 9. Bb2 Ne4 10. dxc5 Bxc5 11. e3 Bg4 12. h3 Be6 13. Nc3 Qd7 14. Nxe4 dxe4
15. Ng5 f5 16. Qh5 g6 17. Qh6 Rfe8 18. Rfd1 Qc7 19. Bf1 Bf8 20. Qh4 h6 21. Nxe6
Rxe6 22. Bc4 Rae8 23. Qf6 Qf7 24. Qh8# 1-0

[Event "37th Reykjavik op"]
[Site "Reykjavik ISL"]
[Date "2024.03.20"]
[Round "8.115"]
[White "Liagre, Nicolas Gonzague He"]
[Black "Ragnarsson, Johann"]
[WhiteElo "1698"]
[BlackElo "1948"]
[Result "1/2-1/2"]
[EventDate "2024.03.15"]
[PlyCount "111"]

1. e4 c6 2. d4 d5 3. Nd2 dxe4 4. Nxe4 Bf5 5. Ng3 Bg6 6. h4 h6 7. N1e2 e6 8. Nf4
Bh7 9. c3 Nf6 10. Bd3 Bxd3 11. Nxd3 Nbd7 12. Qf3 Qc7 13. Nh5 Nxh5 14. Qxh5 c5
15. Be3 c4 16. Ne5 Nxe5 17. Qxe5 O-O-O 18. Qxc7+ Kxc7 19. Bf4+ Kc6 20. O-O-O b5
21. b4 Bd6 22. Bxd6 Kxd6 23. Kc2 a5 24. Rb1 axb4 25. Rxb4 Ra8 26. Rxb5 Rxa2+
27. Rb2 Rha8 28. Rhb1 Kd5 29. Re1 f6 30. f3 Ra1 31. Rb5+ Kc6 32. Rc5+ Kd6 33.
Rxa1 Rxa1 34. Rxc4 Ra2+ 35. Kd3 Rxg2 36. Ra4 Rg3 37. Ra6+ Kd7 38. Ra7+ Kc6 39.
Ra6+ Kb5 40. Rxe6 Rxf3+ 41. Re3 Rf1 42. Re7 g5 43. hxg5 hxg5 44. c4+ Kc6 45.
d5+ Kd6 46. Re6+ Kd7 47. c5 g4 48. c6+ Kc7 49. Re7+ Kb6 50. Rb7+ Ka6 51. Rb2
Rc1 52. Ke4 g3 53. Kf5 Rc5 54. Ke6 f5 55. Kxf5 Rxd5+ 56. Kg4 1/2-1/2

[Event "37th Reykjavik op"]
[Site "Reykjavik ISL"]
[Date "2024.03.20"]
[Round "8.127"]
[White "Wedenberg, Oliver"]
[Black "Haraldsson, Haraldur"]
[WhiteElo "1780"]
[BlackElo "1991"]
[Result "1/2-1/2"]
[EventDate "2024.03.15"]
[PlyCount "60"]

1. e4 c5 2. a3 e6 3. b4 cxb4 4. axb4 Bxb4 5. c3 Be7 6. d4 Nf6 7. e5 Nd5 8. Qg4
g6 9. Bh6 Qb6 10. Nd2 Qb2 11. Rb1 Qxc3 12. Ngf3 Nb4 13. Be2 Nd3+ 14. Kf1 Nc6
15. g3 Ncb4 16. Kg2 Qc6 17. Ne4 b6 18. Nfg5 Bb7 19. Bf3 Qc8 20. Bg7 h5 21. Qh4
Rg8 22. Bf6 Bf8 23. Bd8 Qc2 24. Nf6+ Kxd8 25. Nxf7+ Kc7 26. Bxb7 Qxf2+ 27. Kh3
Qf5+ 28. Kg2 Qf2+ 29. Kh3 Qf5+ 30. Kg2 Qf2+ 1/2-1/2

[Event "37th Reykjavik op"]
[Site "Reykjavik ISL"]
[Date "2024.03.20"]
[Round "8.133"]
[White "Saemundsson, Bjarni"]
[Black "Eythorsson, Engilbert Vidar"]
[WhiteElo "1903"]
[BlackElo "1743"]
[Result "0-1"]
[EventDate "2024.03.15"]
[PlyCount "50"]

1. Nc3 Nf6 2. d4 d5 3. Bg5 e6 4. e4 h6 5. Bxf6 Qxf6 6. exd5 Bb4 7. Bb5+ c6 8.
dxc6 bxc6 9. Bc4 O-O 10. Nge2 c5 11. a3 Bxc3+ 12. bxc3 Rd8 13. Qc1 Nc6 14. Bb5
Bb7 15. Bxc6 Bxc6 16. O-O Rd5 17. Qe3 Qg6 18. Nf4 Rg5 19. Nxg6 Rxg2+ 20. Kh1
Rxf2+ 21. Kg1 Rg2+ 22. Kh1 Rg3+ 23. Rf3 Bxf3+ 24. Qxf3 Rxf3 25. Kg2 Rxc3 0-1

[Event "37th Reykjavik op"]
[Site "Reykjavik ISL"]
[Date "2024.03.20"]
[Round "8.162"]
[White "Field, Lila Quinn"]
[Black "Jonsson, Tristan Fannar"]
[WhiteElo "1747"]
[BlackElo "1540"]
[Result "1-0"]
[EventDate "2024.03.15"]
[PlyCount "59"]

1. e4 e5 2. Nf3 Nc6 3. Bb5 a6 4. Ba4 d6 5. c3 f5 6. exf5 Bxf5 7. O-O Nge7 8. d4
e4 9. d5 b5 10. dxc6 exf3 11. Bc2 Bxc2 12. Qxc2 fxg2 13. Re1 d5 14. Re6 Kf7 15.
Qe2 Ng6 16. Re3 Be7 17. Qf3+ Bf6 18. Qxg2 Qd6 19. Qh3 Qxc6 20. Bd2 Rad8 21. Na3
b4 22. Nc2 d4 23. Nxd4 Bxd4 24. cxd4 Rxd4 25. Rf3+ Ke8 26. Re1+ Kd8 27. Bg5+
Ne7 28. Bxe7+ Ke8 29. Qc8+ Rd8 30. Qxd8# 1-0

[Event "37th Reykjavik op"]
[Site "Reykjavik ISL"]
[Date "2024.03.21"]
[Round "9.1"]
[White "Suleymenov, Alisher"]
[Black "Deac, Bogdan-Daniel"]
[WhiteElo "2506"]
[BlackElo "2690"]
[Result "0-1"]
[EventDate "2024.03.15"]
[PlyCount "236"]

1. d4 {[%eval 17,0]} Nf6 {[%eval 16,0]} 2. c4 {[%eval 16,0]} e6 {[%eval 21,0]}
3. Nf3 {[%eval 0,0]} d5 {[%eval 12,0]} 4. Nc3 {[%eval 0,0]} Nbd7 {[%eval 33,0]}
5. cxd5 {[%eval 26,0]} exd5 {[%eval 26,0]} 6. Bg5 {[%eval 32,0]} c6 {[%eval 33,
0]} 7. e3 {[%eval 34,0]} Be7 {[%eval 5,0]} 8. Bd3 {[%eval 29,0]} Nf8 {[%eval
31,0]} 9. Qc2 {[%eval 36,0]} Ne6 {[%eval 33,0]} 10. Bxf6 {[%eval 12,0]} Bxf6 {
[%eval 15,0]} 11. O-O {[%eval 7,0]} g6 {[%eval 1,0]} 12. b4 {[%eval 1,0]} a6 {
[%eval 3,0]} 13. Na4 {[%eval 4,0]} O-O {[%eval 2,0]} 14. Rab1 {[%eval 6,0]} Be7
{[%eval 2,0]} 15. Nc5 {[%eval 2,0]} Bd6 {[%eval 0,0]} 16. Rfe1 {[%eval 13,0]}
Re8 {[%eval 11,0]} 17. a4 {[%eval 19,0]} Re7 {[%eval 19,0]} 18. b5 $6 {[%eval
-91,0] Inaccuracy. h3 was best.} (18. h3 a5) 18... Bxc5 $6 {[%eval 4,0]
Inaccuracy. cxb5 was best.} (18... cxb5) 19. dxc5 {[%eval 22,0]} cxb5 {[%eval
27,0]} 20. axb5 {[%eval 23,0]} axb5 {[%eval 2,0]} 21. Nd4 $6 {[%eval 86,0]
Inaccuracy. Rxb5 was best.} (21. Rxb5) 21... Nxd4 {[%eval 79,0]} 22. exd4 {
[%eval 84,0]} Rxe1+ {[%eval 78,0]} 23. Rxe1 {[%eval 84,0]} Bd7 {[%eval 73,0]}
24. h3 {[%eval 88,0]} Ra3 {[%eval 89,0]} 25. Bf1 {[%eval -99,0]} Bc6 {[%eval
81,0]} 26. Rb1 {[%eval -83,0]} Qa5 $6 {[%eval 1,0] Inaccuracy. Qf6 was best.} (
26... Qf6 27. Qc1) 27. Qc1 {[%eval 4,0]} b4 {[%eval 7,0]} 28. Qf4 {[%eval 9,0]}
Qa8 {[%eval 1,0]} 29. h4 {[%eval 35,0]} h5 {[%eval 33,0]} 30. g4 $2 {[%eval
-29,0] Mistake. Kh2 was best.} (30. Kh2 b3 31. Be2 Qd8 32. Bd1 Ba4 33. g3 Kg7
34. Bf3 Ra2 35. Qe5+ Kh7 36. Kg1 Rd2) 30... hxg4 {[%eval -44,0]} 31. h5 {
[%eval -52,0]} Qe8 $2 {[%eval 1,0] Mistake. Rf3 was best.} (31... Rf3 32. Qxg4
Qa2 33. hxg6 Qxf2+ 34. Kh1 Rg3 35. gxf7+ Kxf7 36. Qh5+ Kg8 37. Bh3 Qxd4 38.
Be6+) 32. hxg6 {[%eval 3,0]} fxg6 {[%eval 5,0]} 33. Bg2 $6 {[%eval 88,0]
Inaccuracy. Qxg4 was best.} (33. Qxg4 Kg7 34. Qf4 Qe4 35. Qxe4 dxe4 36. Bc4 Ra4
37. Bb3 Ra5 38. Bc4 Kf6 39. Rxb4 Ra1+) 33... Qe6 {[%eval 72,0]} 34. Qb8+ $6 {
[%eval -19,0] Inaccuracy. Rxb4 was best.} (34. Rxb4 Qf5 35. Qb8+ Kg7 36. Rb2
Ra1+ 37. Bf1 Qe4 38. Qc7+ Kh6 39. Qd8 Re1 40. Qh8+ Kg5) 34... Kg7 {[%eval -24,
0]} 35. Qc7+ {[%eval -38,0]} Qf7 {[%eval -38,0]} 36. Qd6 {[%eval -18,0]} Ra2 {
[%eval -198,0]} 37. Qg3 {[%eval -35,0]} g5 {[%eval -91,0]} 38. Rxb4 {[%eval
-195,0]} Qf4 {[%eval -47,0]} 39. Bf1 $6 {[%eval -158,0] Inaccuracy. Rb1 was
best.} (39. Rb1 Rd2 40. Qe3 Kg6 41. Qe6+ Qf6 42. Qe3 Qxd4 43. Qe6+ Qf6 44. Qe3
Rd4 45. Re1 Kf7) 39... Ra1 {[%eval -4,0]} 40. Rb3 $6 {[%eval -122,0]
Inaccuracy. Qd3 was best.} (40. Qd3 Ra2) 40... Rd1 {[%eval -138,0]} 41. Qe3 {
[%eval -193,0]} Kf7 {[%eval -121,0]} 42. Rb4 {[%eval -138,0]} Kf6 {[%eval -143,
0]} 43. Rb6 $6 {[%eval -258,0] Inaccuracy. Qa3 was best.} (43. Qa3 Rd2) 43...
Kf7 $6 {[%eval -168,0] Inaccuracy. Qxe3 was best.} (43... Qxe3 44. fxe3 Kf5 45.
Kg2 Ke4 46. Bb5 Bxb5 47. Rxb5 Kxe3 48. Rxb7 Kxd4 49. c6 Rc1 50. Rc7) 44. Rb4 {
[%eval -119,0]} Kf8 $6 {[%eval -35,0] Inaccuracy. Kf6 was best.} (44... Kf6 45.
Rb6 Qxe3 46. fxe3 Kf5 47. Kf2 g3+ 48. Kg2 Ke4 49. Bb5 Bxb5 50. Rxb5 Kxe3 51.
Rxb7) 45. Qe6 {[%eval -33,0]} g3 {[%eval -36,0]} 46. Qh6+ {[%eval -4,0]} Ke7 {
[%eval -17,0]} 47. Qh7+ $6 {[%eval -298,0] Inaccuracy. Rb2 was best.} (47. Rb2
Rxd4) 47... Kd8 {[%eval -149,0]} 48. Qg8+ {[%eval -123,0]} Kc7 {[%eval -134,0]}
49. Qg7+ {[%eval -284,0]} Kb8 {[%eval -291,0]} 50. Qe5+ {[%eval -116,0]} Qxe5 {
[%eval -116,0]} 51. dxe5 {[%eval -137,0]} Re1 $6 {[%eval -35,0] Inaccuracy.
Kc8 was best.} (51... Kc8) 52. fxg3 {[%eval -94,0]} Rxe5 {[%eval -42,0]} 53.
Kf2 {[%eval -58,0]} Kc7 {[%eval -43,0]} 54. Bd3 {[%eval -43,0]} d4 {[%eval -47,
0]} 55. Rxd4 {[%eval -54,0]} Rxc5 {[%eval -61,0]} 56. Ke3 {[%eval -85,0]} b5 {
[%eval 7,0]} 57. Kd2 $6 {[%eval -64,0] Inaccuracy. Rb4 was best.} (57. Rb4 Kb6
58. Rb1 Re5+ 59. Kd4 Rd5+ 60. Ke4 Rd6+ 61. Ke3 Bd7 62. Rb2 Be8 63. Rb3 Rd8)
57... Kb6 {[%eval -71,0]} 58. Rd6 {[%eval -29,0]} Rd5 {[%eval -17,0]} 59. Rg6 {
[%eval -193,0]} Kc5 {[%eval -94,0]} 60. Ke3 $6 {[%eval -135,0] Inaccuracy. Rg8
was best.} (60. Rg8) 60... Re5+ {[%eval -193,0]} 61. Kd2 {[%eval -166,0]} Bd7 {
[%eval -92,0]} 62. Rg7 {[%eval -23,0]} Bg4 $6 {[%eval -82,0] Inaccuracy. Be6
was best.} (62... Be6 63. Kc3 b4+ 64. Kd2 Rd5 65. Rb7 Bd7 66. Rb8 Bc6 67. Rc8
Rd4 68. Ke3 Rg4 69. Kd2) 63. Rc7+ {[%eval -88,0]} Kb4 {[%eval -79,0]} 64. Rc1 {
[%eval -39,0]} Bd7 {[%eval -83,0]} 65. Rc7 $6 {[%eval -195,0] Inaccuracy. Rb1+
was best.} (65. Rb1+ Kc5 66. Rb2 Kb6 67. Rb4 Kc6 68. Rb3 Bf5 69. Bf1 Be6 70.
Rb4 Rc5 71. Ke3 Bc4) 65... Bf5 {[%eval -3,0]} 66. Bf1 {[%eval -199,0]} Rc5 {
[%eval -199,0]} 67. Rg7 {[%eval -195,0]} Be6 {[%eval -176,0]} 68. Bd3 {[%eval
-132,0]} Bc4 {[%eval -139,0]} 69. Be4 {[%eval -148,0]} Re5 {[%eval -165,0]} 70.
Bf3 {[%eval -177,0]} Kb3 {[%eval -199,0]} 71. Rc7 {[%eval -16,0]} Rf5 {[%eval
-187,0]} 72. Be4 {[%eval -199,0]} Re5 {[%eval -6,0]} 73. Bf3 {[%eval -22,0]}
Kb2 {[%eval -43,0]} 74. g4 {[%eval -94,0]} Kb3 {[%eval -44,0]} 75. Bd1+ $6 {
[%eval -132,0] Inaccuracy. Rc6 was best.} (75. Rc6 Kb4 76. Rf6 Be6 77. Be2 Kc5
78. Rf8 Bb3 79. Bf3 Bc4 80. Rc8+ Kb4 81. Rh8 Bd5) 75... Kb4 {[%eval -136,0]}
76. Bf3 {[%eval -163,0]} Bd5 {[%eval -178,0]} 77. Be2 {[%eval -178,0]} Bc4 {
[%eval -171,0]} 78. Bf3 {[%eval -199,0]} Ka3 $6 {[%eval -53,0] Inaccuracy. Rc5
was best.} (78... Rc5) 79. Ra7+ {[%eval -11,0]} Kb2 {[%eval -44,0]} 80. Rc7 {
[%eval -49,0]} Ka2 {[%eval -47,0]} 81. Ra7+ {[%eval -92,0]} Kb3 {[%eval -1,0]}
82. Rc7 {[%eval -7,0]} Ka4 {[%eval -46,0]} 83. Ra7+ {[%eval -27,0]} Kb4 $4 {
[%eval 0,0] Blunder. Kb3 was best.} (83... Kb3 84. Rc7 Kb4 85. Rg7 Bd5 86. Be2
Bb3 87. Bf3 Rc5 88. Rg6 Bc4 89. Be4 Re5 90. Bf3) 84. Rc7 {[%eval -192,0]} Re8 {
[%eval -125,0]} 85. Rg7 {[%eval -134,0]} Rg8 {[%eval -158,0]} 86. Re7 $6 {
[%eval -288,0] Inaccuracy. Rd7 was best.} (86. Rd7 Rf8) 86... Rd8+ {[%eval
-283,0]} 87. Kc2 {[%eval -248,0]} Rf8 {[%eval -258,0]} 88. Re3 {[%eval -259,0]}
Kc5 {[%eval -297,0]} 89. Re5+ {[%eval -265,0]} Kd6 {[%eval -273,0]} 90. Re3 {
[%eval -109,0]} Rf4 {[%eval -285,0]} 91. Kd2 {[%eval -231,0]} Be6 {[%eval -284,
0]} 92. Rd3+ {[%eval -265,0]} Ke5 {[%eval -279,0]} 93. Re3+ {[%eval -272,0]}
Kf6 {[%eval -284,0]} 94. Be2 {[%eval -243,0]} b4 {[%eval -295,0]} 95. Rg3 {
[%eval -254,0]} Ke5 {[%eval -256,0]} 96. Bd1 {[%eval -262,0]} Kd4 {[%eval -247,
0]} 97. Rd3+ {[%eval -239,0]} Kc5 {[%eval -244,0]} 98. Rg3 {[%eval -295,0]}
Rd4+ {[%eval -269,0]} 99. Kc1 {[%eval -254,0]} Kd6 {[%eval -259,0]} 100. Be2 {
[%eval -269,0]} Ke5 {[%eval -296,0]} 101. Bd1 {[%eval -275,0]} Ke4 {[%eval
-281,0]} 102. Rg1 {[%eval -273,0]} Kf4 {[%eval -125,0]} 103. Kb2 $6 {[%eval
-201,0] Inaccuracy. Rg2 was best.} (103. Rg2 Rd3 104. Rb2 b3 105. Rf2+ Ke4 106.
Re2+ Kd5 107. Re1 Kd6 108. Be2 Rc3+ 109. Kb2 Rc2+) 103... Bd5 {[%eval -223,0]}
104. Rf1+ {[%eval -386,0]} Kg3 {[%eval -373,0]} 105. Kc1 {[%eval -378,0]} Be6 {
[%eval -386,0]} 106. Be2 {[%eval -341,0]} Bxg4 {[%eval -375,0]} 107. Rg1+ {
[%eval -384,0]} Kh3 {[%eval -382,0]} 108. Bf1+ {[%eval -363,0]} Kh4 {[%eval
-399,0]} 109. Kc2 {[%eval -322,0]} Bf3 {[%eval -393,0]} 110. Bd3 {[%eval -499,
0]} g4 {[%eval -358,0]} 111. Kd2 {[%eval -497,0]} Be4 {[%eval -481,0]} 112. Ke3
{[%eval -475,0]} Rxd3+ {[%eval -492,0]} 113. Kxe4 {[%eval -499,0]} Rf3 {
[%eval -496,0]} 114. Rh1+ {[%eval -469,0]} Kg3 {[%eval -469,0]} 115. Rg1+ {
[%eval -477,0]} Kh3 {[%eval -489,0]} 116. Rb1 {[%eval -467,0]} Rf8 $6 {[%eval
-378,0] Inaccuracy. b3 was best.} (116... b3 117. Rh1+ Kg2 118. Rb1 Kh2 119.
Rb2+ Kg3 120. Rb1 Rf4+ 121. Kd5 Rf5+ 122. Kc6 Rf3 123. Kd5) 117. Rxb4 {[%eval
-386,0]} g3 {[%eval -384,0]} 118. Rb3 {[%eval -398,0]} Kh2 {[%eval -377,0]} 0-1

[Event "37th Reykjavik op"]
[Site "Reykjavik ISL"]
[Date "2024.03.21"]
[Round "9.2"]
[White "Pultinevicius, Paulius"]
[Black "Balakrishnan, Praveen"]
[WhiteElo "2575"]
[BlackElo "2490"]
[Result "1/2-1/2"]
[EventDate "2024.03.15"]
[PlyCount "86"]

1. d4 {[%eval 17,0]} Nf6 {[%eval 16,0]} 2. c4 {[%eval 16,0]} e6 {[%eval 21,0]}
3. Nf3 {[%eval 0,0]} d5 {[%eval 12,0]} 4. Nc3 {[%eval 0,0]} Be7 {[%eval 0,0]}
5. Bg5 {[%eval 0,0]} h6 {[%eval 16,0]} 6. Bh4 {[%eval 0,0]} O-O {[%eval 0,0]}
7. e3 {[%eval 0,0]} b6 {[%eval 0,0]} 8. Be2 {[%eval 5,0]} Bb7 {[%eval 9,0]} 9.
Bxf6 {[%eval 1,0]} Bxf6 {[%eval 12,0]} 10. cxd5 {[%eval 14,0]} exd5 {[%eval 2,
0]} 11. b4 {[%eval 14,0]} c6 {[%eval 23,0]} 12. O-O {[%eval 16,0]} a5 {[%eval
35,0]} 13. b5 {[%eval 33,0]} c5 {[%eval 31,0]} 14. Rc1 {[%eval 1,0]} Nd7 {
[%eval 18,0]} 15. Qd2 {[%eval 5,0]} c4 {[%eval 45,0]} 16. Rcd1 {[%eval 68,0]}
Re8 {[%eval 79,0]} 17. Qc2 {[%eval 77,0]} Rc8 {[%eval 8,0]} 18. Qf5 {[%eval 69,
0]} g6 {[%eval 61,0]} 19. Qh3 {[%eval 66,0]} Bg7 {[%eval 65,0]} 20. Rfe1 $6 {
[%eval -58,0] Inaccuracy. Qh4 was best.} (20. Qh4) 20... Qe7 {[%eval 96,0]} 21.
Bf1 {[%eval -88,0]} Rcd8 {[%eval 8,0]} 22. Re2 $6 {[%eval -54,0] Inaccuracy.
Qg3 was best.} (22. Qg3 Nf6 23. h4 Qa3 24. Rc1 Bf8 25. Ne5 Kg7 26. e4 Bb4 27.
exd5 Bxd5 28. Rc2) 22... Qa3 $6 {[%eval 78,0] Inaccuracy. Nf6 was best.} (22...
Nf6 23. Qh4 Qa3 24. Rc2 Bc8 25. Qf4 Bf5 26. Rcc1 Ne4 27. Nxe4 Bxe4 28. Nd2 Bf5
29. g4) 23. Rc2 {[%eval 7,0]} Qd6 {[%eval 66,0]} 24. Be2 {[%eval 59,0]} Re7 {
[%eval 9,0]} 25. Rcd2 $6 {[%eval 68,0] Inaccuracy. g4 was best.} (25. g4) 25...
Qa3 {[%eval 15,0]} 26. Rc2 {[%eval 4,0]} Qd6 {[%eval 12,0]} 27. Rcd2 {[%eval
63,0]} f5 {[%eval 57,0]} 28. Qh4 {[%eval 77,0]} g5 {[%eval 47,0]} 29. Qg3 {
[%eval 56,0]} Qxg3 {[%eval 62,0]} 30. hxg3 {[%eval 61,0]} Kf7 {[%eval 62,0]}
31. Na4 {[%eval 64,0]} Re6 {[%eval 62,0]} 32. Rc2 {[%eval 71,0]} Rc8 {[%eval
73,0]} 33. Rdc1 {[%eval 84,0]} Kg6 {[%eval 83,0]} 34. Kf1 {[%eval 77,0]} Rd6 {
[%eval 6,0]} 35. Bd1 {[%eval 62,0]} Re8 {[%eval 8,0]} 36. Rd2 {[%eval 12,0]}
Rde6 {[%eval 0,0]} 37. Bc2 {[%eval 14,0]} Kf6 {[%eval 0,0]} 38. Rcd1 {[%eval 0,
0]} Bf8 {[%eval 0,0]} 39. Bb1 {[%eval 49,0]} Bb4 {[%eval 5,0]} 40. Rc2 {
[%eval 55,0]} Bd6 {[%eval 58,0]} 41. Rcd2 {[%eval 63,0]} Bb4 {[%eval 52,0]} 42.
Rc2 {[%eval 63,0]} Bd6 {[%eval 57,0]} 43. Rcd2 {[%eval 67,0]} Bb4 $6 {[%eval 0,
0] Inaccuracy. h5 was best.} (43... h5) 1/2-1/2

[Event "37th Reykjavik op"]
[Site "Reykjavik ISL"]
[Date "2024.03.21"]
[Round "9.3"]
[White "Maze, Sebastien"]
[Black "Kjartansson, Gudmundur"]
[WhiteElo "2551"]
[BlackElo "2465"]
[Result "1/2-1/2"]
[EventDate "2024.03.15"]
[PlyCount "132"]

1. e4 {[%eval 13,0]} e5 {[%eval 17,0]} 2. Nf3 {[%eval 21,0]} Nc6 {[%eval 13,0]}
3. Bb5 {[%eval 21,0]} Nf6 {[%eval 12,0]} 4. O-O {[%eval 11,0]} Nxe4 {[%eval 25,
0]} 5. Re1 {[%eval 13,0]} Nd6 {[%eval 24,0]} 6. Nxe5 {[%eval 16,0]} Be7 {
[%eval 27,0]} 7. Bf1 {[%eval 23,0]} Nxe5 {[%eval 15,0]} 8. Rxe5 {[%eval 26,0]}
O-O {[%eval 21,0]} 9. d4 {[%eval 28,0]} Bf6 {[%eval 3,0]} 10. Re1 {[%eval 29,0]
} Re8 {[%eval 51,0]} 11. c3 {[%eval 25,0]} Rxe1 {[%eval 2,0]} 12. Qxe1 {
[%eval 23,0]} Ne8 {[%eval 2,0]} 13. Bf4 {[%eval 17,0]} d5 {[%eval 21,0]} 14.
Nd2 {[%eval 26,0]} Bf5 {[%eval 21,0]} 15. h3 {[%eval 14,0]} Bg5 {[%eval 23,0]}
16. Qe3 {[%eval 19,0]} Bxf4 {[%eval 16,0]} 17. Qxf4 {[%eval 19,0]} Nd6 {
[%eval 16,0]} 18. Re1 {[%eval 11,0]} Qd7 {[%eval 8,0]} 19. g4 {[%eval 11,0]}
Bc2 {[%eval 22,0]} 20. Bg2 {[%eval 18,0]} c6 {[%eval 19,0]} 21. Re3 {[%eval 2,
0]} h6 {[%eval 0,0]} 22. h4 {[%eval 0,0]} f6 {[%eval 5,0]} 23. h5 {[%eval 3,0]}
Nf7 {[%eval 3,0]} 24. Nf1 {[%eval 5,0]} Ng5 {[%eval 3,0]} 25. Re1 {[%eval 2,0]}
Bd3 {[%eval 5,0]} 26. Re3 {[%eval 8,0]} Bxf1 {[%eval 28,0]} 27. Bxf1 {[%eval
26,0]} Re8 {[%eval 23,0]} 28. Kg2 {[%eval 28,0]} Re4 {[%eval 42,0]} 29. Rxe4 {
[%eval 52,0]} Nxe4 {[%eval 5,0]} 30. Bd3 {[%eval 3,0]} Nd6 {[%eval 4,0]} 31. b3
{[%eval 9,0]} b5 {[%eval 13,0]} 32. b4 {[%eval 0,0]} Kf8 {[%eval 0,0]} 33. Bc2
{[%eval 0,0]} Ke7 {[%eval 0,0]} 34. a4 {[%eval 0,0]} bxa4 {[%eval 0,0]} 35.
Bxa4 {[%eval 0,0]} Kd8 {[%eval 0,0]} 36. Bc2 {[%eval 0,0]} Kc7 {[%eval 2,0]}
37. Bd3 {[%eval 0,0]} Qe6 {[%eval 0,0]} 38. Kf1 {[%eval 0,0]} Kb6 {[%eval 0,0]}
39. f3 {[%eval 0,0]} Qe7 {[%eval 0,0]} 40. Kf2 {[%eval 0,0]} Qc7 {[%eval 0,0]}
41. Ke2 {[%eval 0,0]} a6 {[%eval 0,0]} 42. Kd1 {[%eval 0,0]} Nb5 {[%eval 0,0]}
43. Qxc7+ {[%eval 0,0]} Nxc7 {[%eval 0,0]} 44. Bf5 {[%eval 0,0]} a5 {[%eval 0,
0]} 45. bxa5+ {[%eval 0,0]} Kxa5 {[%eval 0,0]} 46. Kc2 {[%eval 0,0]} c5 {
[%eval 0,0]} 47. Bd7 {[%eval 0,0]} cxd4 {[%eval 0,0]} 48. cxd4 {[%eval 0,0]}
Kb4 {[%eval 0,0]} 49. Kd3 {[%eval 0,0]} Kb3 {[%eval 1,0]} 50. Bc6 {[%eval 0,0]}
Kb2 {[%eval 34,0]} 51. Bxd5 {[%eval 36,0]} Nxd5 {[%eval 39,0]} 52. Ke4 {
[%eval 42,0]} Ne7 $2 {[%eval 181,0] Mistake. Nc7 was best.} (52... Nc7 53. Kf5
Kc3 54. Kg6 Kxd4 55. Kxg7 Ke5 56. Kxh6 Ne6 57. Kg6 Ng5 58. h6 Ne6 59. g5) 53.
d5 {[%eval 105,0]} f5+ $4 {[%eval 488,0] Blunder. Kc3 was best.} (53... Kc3 54.
d6 Nc6 55. Kf5 Kd4 56. Kg6 Kd5 57. Kxg7 Kxd6 58. Kxf6 Kd7 59. f4 Ke8 60. Kg6)
54. Ke5 {[%eval 479,0]} fxg4 {[%eval 476,0]} 55. fxg4 {[%eval 477,0]} Kc3 {
[%eval 553,0]} 56. d6 $4 {[%eval 34,0] Blunder. Ke6 was best.} (56. Ke6 Ng8 57.
d6 Nf6 58. d7 Nxd7 59. Kxd7 Kd4 60. Ke6 Ke3 61. Kf7 Kf3 62. Kxg7 Kf4) 56...
Nc6+ {[%eval 37,0]} 57. Ke6 {[%eval 23,0]} Kd4 {[%eval 25,0]} 58. Kf7 {[%eval
27,0]} Ke5 {[%eval 26,0]} 59. Kxg7 {[%eval 28,0]} Kxd6 {[%eval 6,0]} 60. Kxh6 {
[%eval 0,0]} Ne5 {[%eval 2,0]} 61. g5 {[%eval 0,0]} Nf7+ {[%eval 1,0]} 62. Kg6
Ke7 63. h6 Nxg5 64. Kxg5 Kf7 65. h7 Kg7 66. Kh5 Kxh7 1/2-1/2